000
00325nam a2200109Ia 4500
008
171211s9999 xx 000 0 und d
245
_a
Microbial Metal and Metalloid Metabolism
245
_c
John F. Stolz and Ronald S. Oremland
260
_c
2011
650
_x
Biology
856
_u
http://down.ebook777.com/062/1555815367.pdf
999
_c
350381
_d
350381